Statistics for Hallelujah Lyrics

Click here to take the quiz!

General Stats

  • This quiz has been taken 30 times
  • The average score is 31 of 157

Answer Stats

HintAnswer% Correct
I
82%
the
61%
a
57%
(hallelujah)
43%
hallelujah
43%
it
36%
and
29%
BridgeAnd
29%
ChorusThis
29%
we
29%
we'll
29%
well
29%
like
25%
love
21%
not
21%
to
21%
all
18%
day
18%
every
18%
fall
18%
giving
18%
had
18%
i'm
18%
in
18%
make
18%
on
18%
see
18%
thin
18%
time
18%
time)
18%
up
18%
we're
18%
but
14%
could
14%
dove
14%
everything's
14%
eyes
14%
falling
14%
faster
14%
flew
14%
fly
14%
forever
14%
gonna
14%
got
14%
hands
14%
Verse 2Holding
14%
if
14%
into
14%
last
14%
let's
14%
only
14%
our
14%
patience
14%
place
14%
right
14%
screaming
14%
Verse 1Somehow
14%
than
14%
these
14%
way
14%
wearing
14%
we've
14%
(we've
14%
can't
11%
end
11%
force
11%
just
11%
keep
11%
looking
11%
nothing
11%
watch
11%
god
7%
ooh
4%

Score Distribution

Percentile by Number Answered

Percent of People with Each Score

Your Score History

You have not taken this quiz